书目信息 |
| 题名: |
让每个孩子都成志
|
|
| 作者: | 窦桂梅 主编 ;赵卫新 , 周冬梅 册主编 | |
| 分册: | 清华附小主题实践课程的实施探索 | |
| 出版信息: | 南京 江苏凤凰教育出版社 2021.07 |
|
| 页数: | 269页 | |
| 开本: | 24cm | |
| 丛书名: | ||
| 单 册: | ||
| 中图分类: | G620 , G622.3 | |
| 科图分类: | ||
| 主题词: | 小学教育--教育研究 , 课程--教学研究--小学 | |
| 电子资源: | ||
| ISBN: | 978-7-5499-5708-8 | |
| 000 | 01083nam0 2200289 450 | |
| 001 | 012001002847 | |
| 005 | 20141204101036.0 | |
| 010 | @a978-7-5499-5708-8@dCNY58.00 | |
| 100 | @a20220905d2016 em y0chiy50 ea | |
| 101 | 0 | @achi |
| 102 | @aCN@b320000 | |
| 105 | @aa z 000yy | |
| 106 | @ar | |
| 200 | 1 | @a让每个孩子都成志@Arang mei ge hai zi dou cheng zhi@i清华附小主题实践课程的实施探索@f窦桂梅主编@g赵卫新,周冬梅册主编 |
| 210 | @a南京@c江苏凤凰教育出版社@d2021.07 | |
| 215 | @a269页@c照片@d24cm | |
| 300 | @a行知工程名校系列 | |
| 330 | @a本书展示了清华附小主题实践课程实施的成果,主题实践课程的总体目标是引导学生在实践学习中获得丰富的体验,形成对自然、社会和自我之间联系的真题认识体验并初步学会解决问题的科学方法。 | |
| 606 | 0 | @a小学教育@x教育研究 |
| 606 | 0 | @a课程@x教学研究@x小学 |
| 690 | @aG620@v5 | |
| 690 | @aG622.3@v5 | |
| 701 | 0 | @a窦桂梅@Adou gui mei@c(女,@f1967 )@4主编 |
| 702 | 0 | @a赵卫新@Azhao wei xin@c(教育)@4册主编 |
| 702 | 0 | @a周冬梅@Azhou dong mei@c(女,教育)@4册主编 |
| 801 | 0 | @aCN@bAHXH@c20221111 |
| 905 | @b1373617-21@dG620@e2805@f5 | |
| 让每个孩子都成志.清华附小主题实践课程的实施探索/窦桂梅主编/赵卫新,周冬梅册主编.-南京:江苏凤凰教育出版社,2021.07 |
| 269页:照片;24cm |
| 行知工程名校系列 |
| ISBN 978-7-5499-5708-8:CNY58.00 |
| 本书展示了清华附小主题实践课程实施的成果,主题实践课程的总体目标是引导学生在实践学习中获得丰富的体验,形成对自然、社会和自我之间联系的真题认识体验并初步学会解决问题的科学方法。 |
| ● |
| 相关链接 |
|
|
|
|
正题名:让每个孩子都成志
索取号:G620/2805
 
预约/预借
| 序号 | 登录号 | 条形码 | 馆藏地/架位号 | 状态 | 备注 |
| 1 | 1373617 | 213736171 | 第一样本阅览室/ [索取号:G620/2805] | 在馆 | |
| 2 | 1373618 | 213736180 | 教育系资料室/ [索取号:G620/2805] | 在馆 | |
| 3 | 1373619 | 213736199 | 教育系资料室/ [索取号:G620/2805] | 在馆 | |
| 4 | 1373620 | 213736206 | 第四借阅区/ [索取号:G620/2805] | 在馆 | |
| 5 | 1373621 | 213736215 | 第四借阅区/ [索取号:G620/2805] | 在馆 |